000 00681nam a2200205Ia 4500
003 GCL
005 20240530095334.0
008 140319s9999 xx 000 0 ara d
020 _a0150314977
040 _aGCL /
_cGCL
082 0 4 _a739
_bش ك
100 1 _aشبل ابراهيم عبيد
245 1 0 _aالكتابات الاثرية على المعادن فى العصرين التيمورى والصفوى /
_cشبل ابراهيم عبيد
260 _aالقاهرة :
_bدار القاهرة ،
_c2002
300 _a2 مج ؛
_c24 سم
650 0 4 _aالمعادن
650 0 4 _aاشغال المعادن
650 0 4 _aالمعادن - تلوين
942 _2ddc
_cBK
999 _c6299
_d6299